Statistics for Left footed or Right footed? (Premier League)

Click here to take the quiz!

General Stats

  • This quiz has been taken 47 times
  • The average score is 9 of 15

Answer Stats

QuestionAnswer% Correct
Sergio AgueroRight
83%
Paul PogbaRight
80%
Mesut OzilLeft
78%
Riyad MahrezLeft
78%
Mohamed SalahLeft
73%
Sebastian HallerRight
73%
Kasper SchmeichelRight
70%
Ben ChilwellLeft
68%
Hugo LlorisLeft
58%
Miguel AlmironLeft
53%
Jannik VestergaardLeft
48%
Romain SaissLeft
45%
Tim KrulLeft
43%
Olivier GiroudLeft
38%
Jordan PickfordLeft
35%

Score Distribution

Percentile by Number Answered

Percent of People with Each Score

Your Score History

You have not taken this quiz